| 000 | 01098nam a2200313Ia 4500 | ||
|---|---|---|---|
| 001 | ebr10180632 | ||
| 003 | CaPaEBR | ||
| 006 | m u | ||
| 007 | cr cn||||||||| | ||
| 008 | 061030s2007 enk s 000 0 eng d | ||
| 010 | _z 2006036382 | ||
| 020 | _z0749449543 | ||
| 020 | _z9780749449544 | ||
| 020 | _z9780749452001 | ||
| 040 |
_aCaPaEBR _cCaPaEBR |
||
| 035 | _a(OCoLC)166344269 | ||
| 050 | 1 | 4 |
_aBF698.3 _b.C37 2007eb |
| 082 | 0 | 4 |
_a153.9/3 _222 |
| 100 | 1 | _aCarter, Philip J. | |
| 245 | 1 | 0 |
_aIQ and personality tests _h[electronic resource] / _cPhilip Carter. |
| 260 |
_aLondon ; _aPhiladelphia : _bKogan Page Ltd., _c2007. |
||
| 300 | _a207 p. | ||
| 533 |
_aElectronic reproduction. _bPalo Alto, Calif. : _cebrary, _d2009. _nAvailable via World Wide Web. _nAccess may be limited to ebrary affiliated libraries. |
||
| 650 | 0 | _aIntellect. | |
| 650 | 0 | _aPersonality tests. | |
| 655 | 7 |
_aElectronic books. _2local |
|
| 710 | 2 | _aebrary, Inc. | |
| 856 | 4 | 0 |
_uhttp://site.ebrary.com/lib/rucke/Doc?id=10180632 _zAn electronic book accessible through the World Wide Web; click to view |
| 999 |
_c238436 _d238436 |
||